[Event "1st CRO junior liga"]
[Site "Sveti Filip i Jakov"]
[Date "2018.04.06"]
[Round "7.13"]
[White "Ghersinich, Enrico"]
[Black "Tomulic, Teo"]
[Result "0-1"]
[WhiteElo "2216"]
[BlackElo "2298"]
[PlyCount "150"]
[EventDate "2018.??.??"]

1. e4 c5 2. Nf3 e6 3. d3 d5 4. Qe2 Be7 5. g3 Nf6 6. Bg2 Nc6 7. O-O O-O 8. exd5
exd5 9. c4 Bg4 10. Nbd2 Bf5 11. Rd1 dxc4 12. dxc4 Bc2 13. Re1 Re8 14. Qe3 Bd6
15. Qc3 Rxe1+ 16. Nxe1 Nd4 17. Bf1 Ne4 18. Nxe4 Bxe4 19. Be3 Be5 20. Qd2 Qf6
21. f4 Nf3+ 22. Nxf3 Bxb2 23. Ng5 Bxa1 24. Nxe4 Qe7 25. Nc3 Re8 26. Nd5 Qd6 27.
Bf2 b6 28. Qd1 Bd4 29. Qa4 Bxf2+ 30. Kxf2 Qb8 31. Bd3 h6 32. Qd7 Re6 33. f5 Rd6
34. Qe7 b5 35. Kg2 Qd8 36. f6 bxc4 37. Bg6 Qxe7 38. fxe7 Re6 39. Bf5 Re5 40.
Bd7 c3 41. Ba4 Kh8 42. Kf3 g5 43. Nxc3 Rxe7 44. Bb3 Kg7 45. Ne4 Re5 46. Nd6 f5
47. Nc8 c4 48. Bxc4 Rc5 49. Nd6 Kf6 50. Bb3 h5 51. Nc4 Rc8 52. h4 Rd8 53. Ne3
gxh4 54. gxh4 Rd4 55. Nd5+ Ke5 56. Ne7 Rd3+ 57. Kg2 Rc3 58. Ng8 a5 59. Nh6 Rd3
60. Bf7 a4 61. Kf2 Rh3 62. Kg2 Rxh4 63. Kg3 Rh1 64. Ng8 Rg1+ 65. Kf2 Rg7 66.
Bc4 h4 67. Nh6 h3 68. Nf7+ Kd4 69. Nd6 h2 70. Nxf5+ Kxc4 71. Nxg7 h1=Q 72. Nf5
Qa1 73. Ne3+ Kd3 74. Ng4 Qxa2+ 75. Kg3 a3 0-1

[Event "1st CRO junior liga"]
[Site "Sveti Filip i Jakov"]
[Date "2018.04.06"]
[Round "7.14"]
[White "Safar, Sandro"]
[Black "Purini, Bruno"]
[Result "1-0"]
[WhiteElo "2224"]
[BlackElo "1409"]
[PlyCount "117"]
[EventDate "2018.??.??"]

1. e4 e6 2. d4 d5 3. Nd2 dxe4 4. Nxe4 Nf6 5. Ng3 c5 6. c3 cxd4 7. Bb5+ Bd7 8.
Bxd7+ Qxd7 9. cxd4 Bb4+ 10. Kf1 Nc6 11. Nf3 Ba5 12. Be3 Nd5 13. h4 Nxe3+ 14.
fxe3 f5 15. Ne2 Bc7 16. Qb3 O-O 17. Rc1 Rab8 18. Kf2 Rfd8 19. Ng5 Re8 20. Nxe6
Qxe6 21. Qxe6+ Rxe6 22. d5 Re7 23. dxc6 bxc6 24. b3 Bb6 25. Rh3 Rbe8 26. Rc3
Re4 27. Rf3 g6 28. g3 R4e6 29. Nf4 Rd6 30. Rd3 Red8 31. Ke2 Rxd3 32. Nxd3 Re8
33. Nb2 Re4 34. Nc4 Kf8 35. Rf1 Ke7 36. Rc1 Kd7 37. Rd1+ Ke7 38. Kf3 h5 39. a4
Bc7 40. Nd2 Rg4 41. Nf1 Rb4 42. Rd3 Re4 43. Nd2 Rg4 44. Nf1 Re4 45. Kf2 Rg4 46.
Kg2 Re4 47. Nh2 c5 48. Kf2 Be5 49. Nf3 Bf6 50. Rd5 Rb4 51. Rxc5 Rxb3 52. Rc7+
Ke6 53. Ng5+ Bxg5 54. hxg5 a5 55. Ra7 Rb6 56. Rxa5 Kd7 57. Kf3 Re6 58. Ra7+ Kc8
59. a5 1-0

[Event "1st CRO junior liga"]
[Site "Sveti Filip i Jakov"]
[Date "2018.04.06"]
[Round "7.15"]
[White "Fiskus, Eva"]
[Black "Batory, Lucija"]
[Result "0-1"]
[WhiteElo "1294"]
[BlackElo "1692"]
[PlyCount "96"]
[EventDate "2018.??.??"]

1. e4 c5 2. Bc4 Nc6 3. Nf3 g6 4. Nc3 Bg7 5. d3 Nf6 6. O-O O-O 7. Bf4 d6 8. Rb1
Na5 9. Nd2 a6 10. a3 Nxc4 11. Nxc4 b5 12. Ne3 Bb7 13. f3 Qd7 14. Bg5 Rfe8 15.
Bxf6 Bxf6 16. Ncd5 Bd4 17. Re1 Bxd5 18. exd5 Rab8 19. c3 Bg7 20. Qc2 Rb7 21. b4
Rc8 22. c4 Rbc7 23. Kf2 Bd4 24. Rec1 Qf5 25. Ke2 Bxe3 26. Kxe3 Qe5+ 27. Kf2
Qxh2 28. bxc5 bxc4 29. cxd6 Qxd6 30. dxc4 Qc5+ 31. Kg3 Qxa3 32. Rb3 Qd6+ 33. f4
Rxc4 34. Qxc4 Rxc4 35. Rxc4 Qxd5 36. Rc8+ Kg7 37. Ra3 a5 38. Rc7 Qd6 39. Rcc3
g5 40. Ra4 Kh6 41. Rac4 gxf4+ 42. Rxf4 a4 43. Kg4 a3 44. Rfc4 a2 45. Rh3+ Kg7
46. Rc1 Qd4+ 47. Kf5 e6+ 48. Kg5 Qd2+ 0-1

[Event "1st CRO junior liga"]
[Site "Sveti Filip i Jakov"]
[Date "2018.04.06"]
[Round "7.17"]
[White "Pavcevic, Bruno"]
[Black "Dasic, Jelena"]
[Result "1-0"]
[WhiteElo "2028"]
[BlackElo "1823"]
[PlyCount "51"]
[EventDate "2018.??.??"]

1. e4 c5 2. Nf3 e6 3. d4 cxd4 4. Nxd4 a6 5. Bd3 Nf6 6. O-O d6 7. a4 Nbd7 8. Nc3
Qc7 9. f4 g6 10. Kh1 Bg7 11. Be3 O-O 12. Be2 b6 13. Bf3 Bb7 14. a5 b5 15. Ncxb5
axb5 16. Nxb5 Qd8 17. Nxd6 Ba6 18. Rf2 Rb8 19. e5 Ne8 20. Rd2 Nxd6 21. Rxd6 Bb5
22. c4 Bxc4 23. Rxd7 Qc8 24. Bb6 Bb5 25. Rd6 Ba6 26. Rc1 1-0

[Event "1st CRO junior liga"]
[Site "Sveti Filip i Jakov"]
[Date "2018.04.06"]
[Round "7.18"]
[White "Petrovic, David"]
[Black "Erenda, Bruno"]
[Result "0-1"]
[WhiteElo "1651"]
[BlackElo "1967"]
[PlyCount "64"]
[EventDate "2018.??.??"]

1. e4 e6 2. c4 d5 3. exd5 exd5 4. cxd5 Nf6 5. Nc3 Nxd5 6. Nf3 Be7 7. Bc4 Nb6 8.
Bb3 O-O 9. O-O Nc6 10. d4 Bg4 11. Bf4 Bd6 12. Bxd6 Qxd6 13. Ne4 Qf4 14. Qd3
Bxf3 15. gxf3 Rad8 16. Qe3 Nxd4 17. Qxf4 Ne2+ 18. Kh1 Nxf4 19. Rad1 Nbd5 20.
Rd2 Rfe8 21. Re1 c6 22. Rg1 Kf8 23. Bxd5 cxd5 24. Rgd1 Re5 25. Rd4 Rde8 26. Ng3
g5 27. h4 h6 28. Nf1 Re1 29. Kh2 R1e2 30. R1d2 R8e5 31. hxg5 hxg5 32. Ne3 R5xe3
0-1

[Event "1st CRO junior liga"]
[Site "Sveti Filip i Jakov"]
[Date "2018.04.06"]
[Round "7.19"]
[White "Kaplan, Jan"]
[Black "Jurotic, Nino"]
[Result "1/2-1/2"]
[WhiteElo "1916"]
[BlackElo "1617"]
[PlyCount "126"]
[EventDate "2018.??.??"]

1. d4 d5 2. c4 dxc4 3. Nf3 Nf6 4. e3 Bg4 5. Bxc4 e6 6. Qb3 Bxf3 7. gxf3 b6 8.
Nc3 g6 9. Bd2 Bg7 10. O-O O-O 11. Rfd1 Nbd7 12. e4 Re8 13. Bg5 Qc8 14. Rac1 Nh5
15. Bb5 f6 16. Be3 Kh8 17. Bc6 Rb8 18. Kg2 Re7 19. Qa3 Qd8 20. Nb5 f5 21. Bg5
Bf6 22. Bxf6+ Ndxf6 23. Qe3 a6 24. Nc3 g5 25. Ne2 g4 26. f4 Nxe4 27. Bxe4 fxe4
28. Qxe4 Qd5 29. f3 gxf3+ 30. Kxf3 Qxa2 31. Qe5+ Ng7 32. Rxc7 Qb3+ 33. Rc3 Qxd1
34. Qxb8+ Re8 35. Rc8 Qf1+ 36. Ke3 Qh3+ 37. Kd2 Qh5 38. Rxe8+ Qxe8 39. Qxb6 Qc8
40. Qc5 Qb8 41. Qa3 Kg8 42. Qxa6 Qxb2+ 43. Ke1 Kf7 44. Qa7+ Kf6 45. Qc7 Nf5 46.
Qxh7 Nd6 47. Qh4+ Kf7 48. Qh5+ Ke7 49. Qh7+ Kf6 50. h4 Nc4 51. Qh8+ Kf7 52.
Qh5+ Kf6 53. Qh6+ Kf7 54. Kf2 Qd2 55. Qh7+ Kf6 56. Qe4 Nb2 57. Qe5+ Kf7 58.
Qh5+ Kf6 59. Qh6+ Kf7 60. Qh7+ Kf6 61. Qh8+ Kf7 62. Qh5+ Kf6 63. Kg2 Nd3
1/2-1/2

[Event "1st CRO junior liga"]
[Site "Sveti Filip i Jakov"]
[Date "2018.04.06"]
[Round "7.20"]
[White "Vujic, Agata"]
[Black "Cavlovic, Viktor"]
[Result "1/2-1/2"]
[WhiteElo "1586"]
[BlackElo "1742"]
[PlyCount "69"]
[EventDate "2018.??.??"]

1. e4 c6 2. d4 d5 3. Nc3 dxe4 4. Nxe4 Bf5 5. Ng3 Bg6 6. Nf3 Nd7 7. Be2 Ngf6 8.
c3 e6 9. O-O Bd6 10. Bg5 h6 11. Bh4 Qc7 12. Bxf6 Nxf6 13. Bd3 Bxd3 14. Qxd3 O-O
15. Ne4 Be7 16. Nxf6+ Bxf6 17. Rfe1 Rfd8 18. Re4 c5 19. Qe3 Rac8 20. Rg4 Kh8
21. Re1 Rd5 22. h3 Rcd8 23. dxc5 Qxc5 24. Qxc5 Rxc5 25. Rge4 Rb5 26. R4e2 Rd6
27. Rc2 g6 28. Kf1 Kg7 29. Ke2 Rdb6 30. b3 Rc5 31. c4 Rbc6 32. Rec1 b5 33. Kd3
Rd6+ 34. Ke2 Rdc6 35. Kd3 1/2-1/2

[Event "1st CRO junior liga"]
[Site "Sveti Filip i Jakov"]
[Date "2018.04.06"]
[Round "7.23"]
[White "Rickovic, Tomislav"]
[Black "Cvitan, Ena"]
[Result "0-1"]
[WhiteElo "1622"]
[BlackElo "2159"]
[PlyCount "48"]
[EventDate "2018.??.??"]

1. d4 Nf6 2. c4 e6 3. Nc3 Bb4 4. Nf3 O-O 5. Bg5 d5 6. e3 c5 7. a3 cxd4 8. axb4
dxc3 9. bxc3 Nbd7 10. cxd5 Qc7 11. Qc2 Nxd5 12. Rc1 a5 13. bxa5 Rxa5 14. Be2
Rc5 15. c4 b5 16. Nd2 bxc4 17. Ne4 Qa5+ 18. Kf1 Rc7 19. h4 Bb7 20. Nd6 Ba6 21.
e4 Nb4 22. Qc3 Qc5 23. Rd1 Nd3 24. Bxd3 cxd3 0-1

[Event "1st CRO junior liga"]
[Site "Sveti Filip i Jakov"]
[Date "2018.04.06"]
[Round "7.24"]
[White "Duda, Daniel"]
[Black "Mesar, Vedran"]
[Result "1-0"]
[WhiteElo "1972"]
[BlackElo "1638"]
[PlyCount "131"]
[EventDate "2018.??.??"]

1. d4 Nf6 2. c4 e6 3. Nc3 Bb4 4. e3 O-O 5. Bd3 d5 6. Nf3 dxc4 7. Bxc4 Ne4 8.
Qc2 Nxc3 9. bxc3 Be7 10. O-O Nd7 11. e4 Nb6 12. Bd3 h6 13. Be3 Bd7 14. Ne5 Ba4
15. Qd2 Nd7 16. f4 Nxe5 17. fxe5 Bg5 18. Rf3 Bxe3+ 19. Rxe3 c5 20. Rg3 Kh8 21.
Bc4 b5 22. Bb3 Bxb3 23. axb3 cxd4 24. cxd4 Qb6 25. Rf1 Rad8 26. Rd3 Rd7 27. Kh1
Rfd8 28. d5 Qc5 29. Rf6 Rc8 30. Rf1 Rcd8 31. Rc1 Qa3 32. b4 Qa6 33. d6 Qb7 34.
Qf4 Rc8 35. Rdc3 Rdd8 36. h3 Rxc3 37. Rxc3 Rd7 38. Qg4 Qa6 39. Qd1 Qb7 40. Qc2
Qa6 41. Qc1 Rd8 42. Rc7 Kg8 43. Qc5 Qa1+ 44. Kh2 a5 45. d7 Kh7 46. Qxb5 a4 47.
Rc8 Rxd7 48. Qxd7 Qxe5+ 49. Kg1 Qa1+ 50. Kf2 Qb2+ 51. Kf3 Qf6+ 52. Ke2 Qb2+ 53.
Qd2 a3 54. Rc2 Qe5 55. Qd3 f5 56. Ra2 fxe4 57. Qxa3 Qb5+ 58. Kf2 Qb6+ 59. Qe3
Qxb4 60. Re2 Qf8+ 61. Kg1 g6 62. Qxe4 Qc5+ 63. Qe3 Qc6 64. Qxe6 Qc1+ 65. Kh2
Qf4+ 66. g3 1-0

[Event "1st CRO junior liga"]
[Site "Sveti Filip i Jakov"]
[Date "2018.04.06"]
[Round "8.1"]
[White "Zadravec, Matija"]
[Black "Plenca, Jadranko"]
[Result "0-1"]
[WhiteElo "2206"]
[BlackElo "2497"]
[PlyCount "84"]
[EventDate "2018.??.??"]
[WhiteClock "1:30:00"]
[BlackClock "1:30:00"]

1. e4 e5 2. Nf3 Nc6 3. Bb5 Bc5 4. O-O Nge7 5. Nc3 a6 6. Bxc6 Nxc6 7. Nxe5 Nxe5
8. d4 Bd6 9. dxe5 Bxe5 10. f4 Bxc3 11. bxc3 d6 12. Bb2 O-O 13. Qd4 c5 14. Qd3
Qb6 15. Rab1 c4+ 16. Qd4 Qxd4+ 17. cxd4 d5 18. Ba3 Rd8 19. e5 Bf5 20. Rf2 b5
21. Rb2 c3 22. Rb3 Rac8 23. Be7 Rd7 24. Bb4 Rdc7 25. Rf3 Rc4 26. Rfxc3 Rxd4 27.
Rxc8+ Bxc8 28. g3 Bf5 29. Rb2 Rd1+ 30. Kf2 Rh1 31. h4 d4 32. Bd2 Rh2+ 33. Ke1
Bg4 34. c3 d3 35. Kf1 h5 36. Kg1 Re2 37. Kf1 Kh7 38. Kg1 Kg6 39. Kf1 Kf5 40. a3
Ke4 41. Ra2 Kf3 42. f5 Bxf5 0-1

[Event "1st CRO junior liga"]
[Site "Sveti Filip i Jakov"]
[Date "2018.04.06"]
[Round "8.2"]
[White "Muha, Miljenko"]
[Black "Dabic, Stjepan"]
[Result "1/2-1/2"]
[WhiteElo "2395"]
[BlackElo "2012"]
[PlyCount "113"]
[EventDate "2018.??.??"]
[WhiteClock "1:30:00"]
[BlackClock "1:30:00"]

1. d4 Nf6 2. Nf3 g6 3. c4 Bg7 4. Nc3 O-O 5. e4 d6 6. Be2 Nbd7 7. O-O e5 8. Re1
Re8 9. Bf1 exd4 10. Nxd4 Nc5 11. f3 a5 12. Be3 Nfd7 13. Qd2 Ne6 14. Rad1 Ne5
15. Nd5 Bd7 16. Nxe6 Bxe6 17. Bg5 f6 18. Bh4 b6 19. b3 Nf7 20. Bd3 c6 21. Ne3
Qc7 22. Bb1 Rad8 23. Kh1 Bc8 24. h3 Be6 25. Ng4 Bxg4 26. hxg4 Ne5 27. Bf2 Kh8
28. Qd4 c5 29. Qd2 Qc8 30. Qf4 Qe6 31. Rd5 a4 32. Red1 axb3 33. axb3 Bf8 34.
Bg3 Be7 35. Qd2 Kg7 36. Kg1 Rh8 37. Bf4 g5 38. Bg3 h5 39. gxh5 Rxh5 40. Kf2
Rhh8 41. Qc1 Rb8 42. Bd3 Nc6 43. Qb2 Kf7 44. Be2 Rbd8 45. Ra1 Rd7 46. Rxg5 Nd4
47. Rd5 Rg8 48. Rh1 Rg7 49. Bd3 Rd8 50. b4 Rdg8 51. Rh3 Qxh3 52. gxh3 Rxg3 53.
Qc3 Rxf3+ 54. Ke1 Rg1+ 55. Kd2 Rf2+ 56. Ke3 Rf3+ 57. Kd2 1/2-1/2

[Event "1st CRO junior liga"]
[Site "Sveti Filip i Jakov"]
[Date "2018.04.06"]
[Round "8.3"]
[White "Kanizaj, Benjamin"]
[Black "Cvitan, Ena"]
[Result "1/2-1/2"]
[WhiteElo "1940"]
[BlackElo "2159"]
[PlyCount "30"]
[EventDate "2018.??.??"]
[WhiteClock "1:30:00"]
[BlackClock "1:30:00"]

1. e4 c6 2. d4 d5 3. e5 Bf5 4. Nf3 e6 5. Be2 Ne7 6. O-O c5 7. Be3 Nec6 8. c4
cxd4 9. Nxd4 Nxd4 10. Bxd4 Nc6 11. cxd5 Qxd5 12. Bf3 Qd7 13. Bc3 Bc5 14. Qxd7+
Kxd7 15. Rd1+ Kc7 1/2-1/2

[Event "1st CRO junior liga"]
[Site "Sveti Filip i Jakov"]
[Date "2018.04.06"]
[Round "8.4"]
[White "Duda, Daniel"]
[Black "Lesar, David"]
[Result "1-0"]
[WhiteElo "1972"]
[BlackElo "1905"]
[PlyCount "73"]
[EventDate "2018.??.??"]
[WhiteClock "1:29:00"]
[BlackClock "1:30:00"]

1. d4 f5 2. g3 Nf6 3. Bg2 g6 4. Nf3 Bg7 5. O-O O-O 6. c4 d6 7. Nc3 c6 8. b3 Qa5
9. Bb2 e5 10. dxe5 dxe5 11. e4 f4 12. Qc2 Bg4 13. Rad1 Na6 14. a3 Rad8 15. h3
Bxf3 16. Bxf3 Qc7 17. b4 Qe7 18. c5 Nc7 19. Be2 Ne6 20. Bc4 Kh8 21. Bxe6 Qxe6
22. Kh2 g5 23. Rxd8 Rxd8 24. Rd1 Rd7 25. g4 f3 26. Rxd7 Qxd7 27. Kg3 Qf7 28.
Bc1 h5 29. Bxg5 hxg4 30. hxg4 Qg6 31. Qd2 Nxe4+ 32. Nxe4 Qxe4 33. Qe3 Qxe3 34.
Bxe3 e4 35. Kf4 Bb2 36. a4 Bc3 37. b5 1-0

[Event "1st CRO junior liga"]
[Site "Sveti Filip i Jakov"]
[Date "2018.04.06"]
[Round "8.5"]
[White "Dasic, Jelena"]
[Black "Jambresic, Filip"]
[Result "0-1"]
[WhiteElo "1823"]
[BlackElo "2030"]
[PlyCount "68"]
[EventDate "2018.??.??"]
[WhiteClock "1:15:00"]
[BlackClock "1:30:00"]

1. d4 Nf6 2. c4 c5 3. d5 e6 4. Nc3 exd5 5. cxd5 d6 6. e4 a6 7. Bf4 g6 8. Nf3
Bg4 9. h3 Bxf3 10. Qxf3 Qe7 11. Bd3 Bg7 12. g4 Nfd7 13. Qg3 Ne5 14. O-O b5 15.
a3 O-O 16. g5 Nbd7 17. Bc2 Nb6 18. Bxe5 Bxe5 19. f4 Bd4+ 20. Kh1 Nc4 21. f5 Ne3
22. f6 Nxf1 23. Rxf1 Qe5 24. Qh4 Kh8 25. Ne2 Be3 26. Nf4 Rg8 27. Qg4 h6 28.
gxh6 Qxf6 29. Rf3 Bxf4 30. Rxf4 Qxb2 31. Rxf7 Qxc2 32. Qf4 Qb1+ 33. Kg2 Qb2+
34. Kf3 Qe5 0-1

[Event "1st CRO junior liga"]
[Site "Sveti Filip i Jakov"]
[Date "2018.04.06"]
[Round "8.6"]
[White "Golub, Nikolina"]
[Black "Petrovic, David"]
[Result "1-0"]
[WhiteElo "1870"]
[BlackElo "1651"]
[PlyCount "75"]
[EventDate "2018.??.??"]
[WhiteClock "1:29:00"]
[BlackClock "1:30:00"]

1. d4 d5 2. c4 dxc4 3. e3 e6 4. Bxc4 Nf6 5. Nc3 a6 6. a4 c6 7. Nf3 Nbd7 8. O-O
Be7 9. e4 b6 10. Ng5 h6 11. Nf3 Bb7 12. e5 Nd5 13. Nxd5 cxd5 14. Bb3 a5 15. Re1
O-O 16. Bf4 f5 17. exf6 Rxf6 18. Bg3 Rc8 19. Qd3 Nf8 20. Ne5 Bd6 21. Bh4 g5 22.
Bg3 h5 23. h3 Rc7 24. Rac1 Rg7 25. Bd1 h4 26. Bh2 Ng6 27. Ng4 Bxh2+ 28. Kxh2
Qd6+ 29. g3 hxg3+ 30. fxg3 Rf8 31. Qe3 Bc8 32. Qxg5 Nf4 33. Nh6+ Kh8 34. Qh4
Nh5 35. Ng4 Rh7 36. Bc2 Nf6 37. Bxh7 Nxg4+ 38. hxg4 1-0

[Event "1st CRO junior liga"]
[Site "Sveti Filip i Jakov"]
[Date "2018.04.06"]
[Round "8.7"]
[White "Jurotic, Nino"]
[Black "Rickovic, Tomislav"]
[Result "1/2-1/2"]
[WhiteElo "1617"]
[BlackElo "1622"]
[PlyCount "89"]
[EventDate "2018.??.??"]
[WhiteClock "1:25:00"]
[BlackClock "1:30:00"]

1. d4 d5 2. c4 e6 3. Nc3 Nf6 4. cxd5 exd5 5. Bg5 Be7 6. e3 c6 7. Bd3 O-O 8.
Bxf6 Bxf6 9. Nge2 Bg4 10. Qc2 h6 11. f3 Be6 12. O-O Nd7 13. e4 dxe4 14. fxe4
Qb6 15. Na4 Bxd4+ 16. Kh1 Qb4 17. a3 Qd6 18. Nxd4 Qxd4 19. Rad1 Qe5 20. Bc4 Nb6
21. Bxe6 Qxe6 22. Rd4 Rfd8 23. Rfd1 Rxd4 24. Rxd4 Qf6 25. Rd1 Nxa4 26. Qxa4
Qxb2 27. h3 b5 28. Qa5 Qc2 29. Rd7 Qxe4 30. Qc7 Re8 31. Qxa7 Qe1+ 32. Kh2 Qe5+
33. Kh1 Qf4 34. Rd1 Qa4 35. Qd7 Re6 36. Rf1 Rf6 37. Qd8+ Kh7 38. Qd3+ Rg6 39.
Rxf7 Qc4 40. Qxc4 bxc4 41. Rf4 Kg8 42. Rxc4 Kf8 43. a4 Ke7 44. a5 Kd7 45. a6
1/2-1/2

[Event "1st CRO junior liga"]
[Site "Sveti Filip i Jakov"]
[Date "2018.04.06"]
[Round "8.8"]
[White "Mesar, Vedran"]
[Black "Vujic, Agata"]
[Result "1-0"]
[WhiteElo "1638"]
[BlackElo "1586"]
[PlyCount "67"]
[EventDate "2018.??.??"]
[WhiteClock "1:30:00"]
[BlackClock "1:30:00"]

1. e4 e5 2. Nf3 Nf6 3. Nxe5 d6 4. Nf3 Nxe4 5. Bb5+ c6 6. Ba4 Bf5 7. O-O Be7 8.
Re1 O-O 9. d4 d5 10. Nbd2 Nd7 11. c4 Nxd2 12. Nxd2 Nb6 13. cxd5 Nxd5 14. Nf3
Bf6 15. Ne5 Re8 16. f4 Qb6 17. Kh1 Rad8 18. g4 Bc8 19. Bb3 Nc7 20. Bxf7+ Kf8
21. Bxe8 Rxe8 22. g5 Bxe5 23. dxe5 Nd5 24. Qd3 Kg8 25. g6 h6 26. f5 Rd8 27. Qh3
Ne7 28. e6 Rd5 29. f6 Nxg6 30. fxg7 Qa5 31. Bxh6 Rh5 32. Qb3 Ne7 33. Bf4 Qf5
34. Bd6 1-0

[Event "1st CRO junior liga"]
[Site "Sveti Filip i Jakov"]
[Date "2018.04.06"]
[Round "8.9"]
[White "Tomulic, Teo"]
[Black "Pavcevic, Bruno"]
[Result "0-1"]
[WhiteElo "2298"]
[BlackElo "2028"]
[PlyCount "106"]
[EventDate "2018.??.??"]
[WhiteClock "1:30:00"]
[BlackClock "1:30:00"]

1. e4 c5 2. Nf3 d6 3. Bc4 Nf6 4. Nc3 a6 5. a4 Nc6 6. h3 e6 7. Ba2 Be7 8. O-O
O-O 9. d3 d5 10. Bg5 dxe4 11. dxe4 Qc7 12. Qe2 Nd4 13. Qd3 Ng4 14. hxg4 Nxf3+
15. Qxf3 Bxg5 16. Rad1 Bf6 17. Rfe1 Rb8 18. Bc4 Bd4 19. b3 Bd7 20. Ne2 b5 21.
Bd3 Be5 22. axb5 axb5 23. c3 Rfd8 24. Qe3 c4 25. Bc2 Bd6 26. b4 e5 27. f3 Be6
28. Ra1 Qc8 29. g3 Bc7 30. Kg2 Bb6 31. Qg5 f6 32. Qc1 h6 33. Rd1 Rxd1 34. Bxd1
Qd7 35. Bc2 Rd8 36. Kf1 Bxg4 37. Kg2 Bh3+ 38. Kh2 Be6 39. Kg2 Qb7 40. Qe1 Ba7
41. Rd1 Rxd1 42. Bxd1 Qb6 43. Bc2 Qe3 44. Bb1 h5 45. Qf1 g5 46. Bc2 Kg7 47. Bb1
Qd2 48. Kh1 Bb6 49. Kg2 Kh6 50. Kh1 Bh3 51. Qxh3 Qxe2 52. g4 Qe1+ 53. Kh2 Qg1#
0-1

[Event "1st CRO junior liga"]
[Site "Sveti Filip i Jakov"]
[Date "2018.04.06"]
[Round "8.10"]
[White "Erenda, Bruno"]
[Black "Safar, Sandro"]
[Result "0-1"]
[WhiteElo "1967"]
[BlackElo "2224"]
[PlyCount "64"]
[EventDate "2018.??.??"]
[WhiteClock "1:28:00"]
[BlackClock "1:30:00"]

1. d4 d5 2. c4 e6 3. Nc3 Nf6 4. Bg5 Be7 5. e3 c6 6. Nf3 Nbd7 7. Bd3 O-O 8. O-O
Re8 9. Rc1 a6 10. h3 dxc4 11. Bxc4 b5 12. Be2 Bb7 13. Ne5 Nxe5 14. dxe5 Nd7 15.
Bxe7 Qxe7 16. f4 c5 17. Bf3 Nb6 18. Ne4 Bxe4 19. Bxe4 Rac8 20. Qh5 g6 21. Qe2
c4 22. Rfd1 Red8 23. Rxd8+ Rxd8 24. Rd1 Na4 25. Rxd8+ Qxd8 26. Bf3 Qc7 27. Qd2
c3 28. bxc3 Nxc3 29. Kf2 b4 30. Ke1 Qa5 31. Be2 Ne4 32. Qd8+ Qxd8 0-1

[Event "1st CRO junior liga"]
[Site "Sveti Filip i Jakov"]
[Date "2018.04.06"]
[Round "8.11"]
[White "Batory, Lucija"]
[Black "Kaplan, Jan"]
[Result "0-1"]
[WhiteElo "1692"]
[BlackElo "1916"]
[PlyCount "118"]
[EventDate "2018.??.??"]
[WhiteClock "1:30:00"]
[BlackClock "1:30:00"]

1. e4 c6 2. Nc3 d5 3. Nf3 Bg4 4. h3 Bxf3 5. Qxf3 e6 6. d4 dxe4 7. Qxe4 Nf6 8.
Qd3 Nbd7 9. Bg5 Qa5 10. Bd2 Qc7 11. Be2 Bd6 12. O-O-O O-O-O 13. Be3 Nb6 14. Ne4
Nxe4 15. Qxe4 Nd5 16. Rhe1 Qa5 17. Kb1 Bb4 18. Rf1 Qb6 19. Rd3 Nc3+ 20. Rxc3
Bxc3 21. Bc1 Bxd4 22. f4 g6 23. Rf3 Qa5 24. Rb3 Qd5 25. Qd3 Bb6 26. Qg3 Qd6 27.
a3 Qe7 28. Bd3 h5 29. Bd2 Rd5 30. Bb4 Qc7 31. Qf3 Rhd8 32. Bc3 Bd4 33. Be4 Rb5
34. Be1 f5 35. Bd3 Rxb3 36. cxb3 Bb6 37. Bc4 Qd6 38. Kc2 e5 39. Bb4 Bc5 40.
fxe5 Qxe5 41. Bc3 Qe4+ 42. Qxe4 fxe4 43. Be6+ Kc7 44. Be5+ Bd6 45. Bd4 Bf4 46.
Bc3 g5 47. Bc4 h4 48. a4 Re8 49. Kd1 e3 50. Ke2 Be5 51. Bb4 Bd6 52. Bc3 a6 53.
Bf7 Rf8 54. Bh5 Rf2+ 55. Kxe3 Rxg2 56. Bg4 Bf4+ 57. Kf3 Rg1 58. Bf5 Rd1 59. Bf6
b5 0-1

[Event "1st CRO junior liga"]
[Site "Sveti Filip i Jakov"]
[Date "2018.04.06"]
[Round "8.12"]
[White "Cavlovic, Viktor"]
[Black "Troselj, Ivan"]
[Result "0-1"]
[WhiteElo "1742"]
[BlackElo "1722"]
[PlyCount "80"]
[EventDate "2018.??.??"]
[WhiteClock "1:28:00"]
[BlackClock "1:30:00"]

1. e4 e5 2. Nf3 Nc6 3. Bc4 Nf6 4. d3 Be7 5. c3 O-O 6. Bb3 d5 7. Qe2 Bg4 8. O-O
Qd7 9. Nbd2 Rad8 10. Bc2 Nh5 11. Nb3 f5 12. exd5 Qxd5 13. c4 Bxf3 14. gxf3 Qd7
15. f4 Nxf4 16. Bxf4 exf4 17. Rad1 Bf6 18. Nc5 Nd4 19. Qh5 Qc6 20. b4 Nf3+ 21.
Kh1 Ne1+ 22. f3 Nxc2 23. Rb1 Ne3 24. Rg1 Kh8 25. Rb3 Bh4 26. b5 Qxc5 27. Qxh4
Qd4 28. Qe7 Rc8 29. c5 Qf6 30. Qxf6 Rxf6 31. Rb4 Nd5 32. Rd4 c6 33. a4 Re6 34.
bxc6 bxc6 35. Rb1 Re7 36. a5 h6 37. a6 Rce8 38. Kg2 Re2+ 39. Kh3 Ra2 40. Rb7
Ree2 0-1

[Event "1st CRO junior liga"]
[Site "Sveti Filip i Jakov"]
[Date "2018.04.06"]
[Round "8.13"]
[White "Cotic, Borna"]
[Black "Purini, Bruno"]
[Result "1-0"]
[WhiteElo "2028"]
[BlackElo "1409"]
[PlyCount "67"]
[EventDate "2018.??.??"]
[WhiteClock "1:28:00"]
[BlackClock "1:30:00"]

1. e4 e5 2. Nf3 Nc6 3. Nc3 Nf6 4. d4 exd4 5. Nxd4 Bb4 6. Nxc6 bxc6 7. Bd3 d5 8.
exd5 cxd5 9. O-O O-O 10. h3 c6 11. Qf3 Be6 12. Bf4 Bd6 13. Ne2 Bxf4 14. Nxf4
Qd6 15. b3 Nd7 16. Rfe1 g6 17. Qg3 Rae8 18. Rad1 Nc5 19. Nxd5 Qxg3 20. Nf6+ Kh8
21. fxg3 Nxd3 22. Rxd3 Rd8 23. Red1 Rxd3 24. Rxd3 Kg7 25. Nd7 Re8 26. Nc5 Bf5
27. Rd2 h5 28. Kf2 Re5 29. Nd3 Rd5 30. Ke3 Kf6 31. Rf2 Ke7 32. Rf4 Bxd3 33.
cxd3 Rc5 34. Rc4 1-0

[Event "1st CRO junior liga"]
[Site "Sveti Filip i Jakov"]
[Date "2018.04.06"]
[Round "8.14"]
[White "Fiskus, Eva"]
[Black "Simunic, Krunoslav"]
[Result "0-1"]
[WhiteElo "1294"]
[BlackElo "2060"]
[PlyCount "64"]
[EventDate "2018.??.??"]
[WhiteClock "1:30:00"]
[BlackClock "1:30:00"]

1. e4 e6 2. Nf3 d5 3. exd5 exd5 4. d4 Nf6 5. Bd3 Bd6 6. O-O O-O 7. Be3 Bg4 8.
h3 Bh5 9. Nbd2 c6 10. c3 Nbd7 11. Re1 Qc7 12. Qc2 Rfe8 13. c4 dxc4 14. Bxc4 Nb6
15. Rac1 Nxc4 16. Qxc4 Nd5 17. Qb3 Qb6 18. Qxb6 axb6 19. a3 f6 20. g4 Bg6 21.
Nc4 Bc7 22. Bd2 b5 23. Ne3 Nf4 24. Rc3 Nxh3+ 25. Kf1 Nf4 26. Ng2 Bd3+ 27. Rxd3
Nxd3 28. Rxe8+ Rxe8 29. b3 Kf7 30. Be3 g5 31. Nd2 Nf4 32. Nxf4 gxf4 0-1

[Event "1st CRO junior liga"]
[Site "Sveti Filip i Jakov"]
[Date "2018.04.06"]
[Round "8.15"]
[White "Denic, Marin"]
[Black "Ghersinich, Carlo"]
[Result "1-0"]
[WhiteElo "1523"]
[BlackElo "1143"]
[PlyCount "59"]
[EventDate "2018.??.??"]
[WhiteClock "1:30:00"]
[BlackClock "1:30:00"]

1. e4 e5 2. Nf3 Nc6 3. Bb5 Bc5 4. O-O a6 5. Ba4 Nf6 6. d3 O-O 7. Bxc6 dxc6 8.
Nxe5 Bd6 9. Nf3 Nd7 10. Nc3 Nb6 11. Be3 Be6 12. Re1 h6 13. Qd2 Re8 14. Rad1 Bg4
15. h3 Bxf3 16. gxf3 Qd7 17. Kg2 Re6 18. f4 Rg6+ 19. Kh2 Re6 20. e5 Bf8 21. Ne4
Nc4 22. dxc4 Qxd2 23. Rxd2 f5 24. Ng3 g5 25. Nxf5 b5 26. cxb5 axb5 27. a3 c5
28. Rd7 Rc8 29. fxg5 h5 30. f4 1-0

[Event "1st CRO junior liga"]
[Site "Sveti Filip i Jakov"]
[Date "2018.04.06"]
[Round "8.17"]
[White "Jurakic, Lukas"]
[Black "Levacic, Matej"]
[Result "0-1"]
[WhiteElo "1698"]
[BlackElo "1893"]
[PlyCount "100"]
[EventDate "2018.??.??"]
[WhiteClock "1:30:00"]
[BlackClock "1:30:00"]

1. e4 c6 2. d4 d5 3. Nc3 dxe4 4. Nxe4 Bf5 5. Ng3 Bg6 6. h4 h6 7. Nf3 Nd7 8. Bd3
Bxd3 9. Qxd3 e6 10. Bf4 Ngf6 11. O-O-O Be7 12. Ne4 Nxe4 13. Qxe4 Nf6 14. Qe2
Qd5 15. Kb1 Qe4 16. Qd2 O-O 17. Rde1 Qd5 18. Rh3 Ne4 19. Qe3 Nd6 20. Bxd6 Bxd6
21. g4 c5 22. c3 Rfd8 23. Ne5 Bxe5 24. dxe5 Qd2 25. f4 c4 26. Qxd2 Rxd2 27. Re4
b5 28. a4 a6 29. f5 Rad8 30. Rd4 R8xd4 31. cxd4 Rxd4 32. axb5 axb5 33. Ra3 Rxg4
34. Ra8+ Kh7 35. h5 Re4 36. f6 gxf6 37. exf6 Rf4 38. Rb8 Rxf6 39. Rxb5 Rf4 40.
Kc2 Kg7 41. Kc3 f5 42. Rc5 Kf6 43. Rxc4 Rxc4+ 44. Kxc4 Ke7 45. Kd4 Kd6 46. b4
e5+ 47. Kc4 Kc6 48. b5+ Kb6 49. Kd5 f4 50. Ke4 Kxb5 0-1